Requiem pour le néoconservatisme ? (notice n° 1631259)
[ vue normale ]
| 000 -LEADER | |
|---|---|
| fixed length control field | 02106cam a2200169 4500500 |
| 005 - DATE AND TIME OF LATEST TRANSACTION | |
| control field | 20260111104952.0 |
| 041 ## - LANGUAGE CODE | |
| Language code of text/sound track or separate title | fre |
| 042 ## - AUTHENTICATION CODE | |
| Authentication code | dc |
| 100 10 - MAIN ENTRY--PERSONAL NAME | |
| Personal name | Lord, Carnes |
| Relator term | author |
| 245 00 - TITLE STATEMENT | |
| Title | Requiem pour le néoconservatisme ? |
| 260 ## - PUBLICATION, DISTRIBUTION, ETC. | |
| Date of publication, distribution, etc. | 2006.<br/> |
| 500 ## - GENERAL NOTE | |
| General note | 77 |
| 520 ## - SUMMARY, ETC. | |
| Summary, etc. | RésuméL’idée reçue sur le néoconservatisme commet généralement une double erreur, celle d’en surestimer considérablement le rôle dans l’administration Bush et d’en sous-estimer tout aussi grandement la portée dans la vie américaine. Versés au départ dans les sciences sociales, l’affiliation naturelle des néoconservateurs était le parti démocrate. L’expérience des années Reagan a eu pour effet de les déplacer vers la droite. À leur tour, ils ont ensuite contribué à refondre le mouvement conservateur dans son ensemble. La théorie du « changement de régime » est désormais le visage dominant de la pensée néoconservatrice, mais cette théorie ne retient pas l’adhésion de tous ceux qui se reconnaissent dans cette mouvance intellectuelle. Il est faux de prétendre que la guerre d’Irak est la guerre des néoconservateurs ou qu’ils sont insensibles au soft power. |
| 520 ## - SUMMARY, ETC. | |
| Summary, etc. | Requiem for Neoconservatism?The conventional wisdom on neoconservatism vastly overestimates the role of neoconservatives within the Bush administration and greatly underestimates the reach of neoconservatism. Originally interested in social sciences, the neoconservatives’ natural home was the Democratic Party. As the Reagan experience moved them to the right, they in turn helped reshape the larger conservative movement. “Regime change” has now become the public face of neoconservatism, a theory not shared by everyone of neoconservative persuasion. In fact, it is wrong to say that Iraq is the neoconservatives’ war or that they have been less careful than others to “soft power”. |
| 786 0# - DATA SOURCE ENTRY | |
| Note | Politique américaine | 5 | 2 | 2006-10-01 | p. 89-102 | 1771-8848 |
| 856 41 - ELECTRONIC LOCATION AND ACCESS | |
| Uniform Resource Identifier | <a href="https://shs.cairn.info/revue-politique-americaine-2006-2-page-89?lang=fr&redirect-ssocas=7080">https://shs.cairn.info/revue-politique-americaine-2006-2-page-89?lang=fr&redirect-ssocas=7080</a> |
Pas d'exemplaire disponible.




Réseaux sociaux